Management of disadvantaged business enterprise issues in construction contracting / (Record no. 529864)

000 -LEADER
fixed length control field 01795cam a22004217a 4500
001 - CONTROL NUMBER
control field 13837763
003 - CONTROL NUMBER IDENTIFIER
control field NUST
005 - DATE AND TIME OF LATEST TRANSACTION
control field 20191004101615.0
008 - FIXED-LENGTH DATA ELEMENTS--GENERAL INFORMATION
fixed length control field 050110s2005 dcudk b 000 0 eng d
010 ## - LIBRARY OF CONGRESS CONTROL NUMBER
LC control number 2005920333
020 ## - INTERNATIONAL STANDARD BOOK NUMBER
International Standard Book Number 0309097452 (pbk.)
035 ## - SYSTEM CONTROL NUMBER
System control number (OCoLC)ocm60342909
038 ## - RECORD CONTENT LICENSOR
Staff Name MSOHAIL
040 ## - CATALOGING SOURCE
Original cataloging agency TRL
Transcribing agency TRL
Modifying agency TDG
-- IQU
-- DLC
042 ## - AUTHENTICATION CODE
Authentication code lccopycat
043 ## - GEOGRAPHIC AREA CODE
Geographic area code n-us---
050 00 - LIBRARY OF CONGRESS CALL NUMBER
Classification number TA181.U6
Item number S65 2005
082 ## - DEWEY DECIMAL CLASSIFICATION NUMBER
Classification number 0
100 1# - MAIN ENTRY--PERSONAL NAME
Personal name Smith, Gary R.
Fuller form of name (Gary Roderick),
Dates associated with a name 1953-
9 (RLIN) 22297
245 10 - TITLE STATEMENT
Title Management of disadvantaged business enterprise issues in construction contracting /
Statement of responsibility, etc. consultant, Gary Smith.
260 ## - PUBLICATION, DISTRIBUTION, ETC.
Place of publication, distribution, etc. Washington, D.C. :
Name of publisher, distributor, etc. Transportation Research Board, National Research Council,
Date of publication, distribution, etc. 2005.
300 ## - PHYSICAL DESCRIPTION
Extent 97 p. :
Other physical details charts, forms ;
Dimensions 28 cm.
490 1# - SERIES STATEMENT
Series statement NCHRP synthesis,
International Standard Serial Number 0547-5570 ;
Volume/sequential designation 343
504 ## - BIBLIOGRAPHY, ETC. NOTE
Bibliography, etc. note Includes bibliographical references.
530 ## - ADDITIONAL PHYSICAL FORM AVAILABLE NOTE
Additional physical form available note Also available online.
650 #0 - SUBJECT ADDED ENTRY--TOPICAL TERM
Topical term or geographic name entry element Public contracts
Geographic subdivision United States.
9 (RLIN) 22821
650 #0 - SUBJECT ADDED ENTRY--TOPICAL TERM
Topical term or geographic name entry element Construction contracts
General subdivision Government policy
Geographic subdivision United States.
9 (RLIN) 22822
650 #0 - SUBJECT ADDED ENTRY--TOPICAL TERM
Topical term or geographic name entry element Minority business enterprises
General subdivision Government policy
Geographic subdivision United States.
9 (RLIN) 22823
650 #0 - SUBJECT ADDED ENTRY--TOPICAL TERM
Topical term or geographic name entry element Small business
General subdivision Government policy
Geographic subdivision United States.
9 (RLIN) 22824
650 #0 - SUBJECT ADDED ENTRY--TOPICAL TERM
Topical term or geographic name entry element State transportation agencies
Geographic subdivision United States.
9 (RLIN) 22825
710 2# - ADDED ENTRY--CORPORATE NAME
Corporate name or jurisdiction name as entry element National Cooperative Highway Research Program.
9 (RLIN) 20864
830 #0 - SERIES ADDED ENTRY--UNIFORM TITLE
Uniform title Synthesis of highway practice ;
Volume/sequential designation 343.
9 (RLIN) 22826
856 41 - ELECTRONIC LOCATION AND ACCESS
Materials specified Table of contents only
Uniform Resource Identifier <a href="http://www.loc.gov/catdir/toc/fy1001/2005920333.html">http://www.loc.gov/catdir/toc/fy1001/2005920333.html</a>
856 41 - ELECTRONIC LOCATION AND ACCESS
Uniform Resource Identifier <a href="http://trb.org/publications/nchrp/nchrp%5Fsyn%5F343.pdf">http://trb.org/publications/nchrp/nchrp%5Fsyn%5F343.pdf</a>
Public note Access online version (Acrobat reader required)
906 ## - LOCAL DATA ELEMENT F, LDF (RLIN)
a 7
b cbc
c copycat
d 3
e epcn
f 20
g y-gencatlg
942 ## - ADDED ENTRY ELEMENTS (KOHA)
Source of classification or shelving scheme
Koha item type Book
Holdings
Withdrawn status Lost status Source of classification or shelving scheme Damaged status Not for loan Permanent Location Current Location Date acquired Total Checkouts Barcode Date last seen Price effective from Koha item type
          School of Civil and Environmental Engineering (SCEE) School of Civil and Environmental Engineering (SCEE) 10/04/2019   nit-11152 10/04/2019 10/04/2019 Book
© 2023 Central Library, National University of Sciences and Technology. All Rights Reserved.